Australian Cities and Towns with Maccas (McDonald's) - Statistics

General Stats
  • This quiz has been taken 81 times
    73 since last reset
  • The average score is 62 of 186
Answer Stats
State Answer % Correct
SA Adelaide
85%
NT Darwin
84%
QLD Brisbane
82%
QLD Gold Coast
82%
VIC Melbourne
82%
NT Alice Springs
81%
NSW Sydney
81%
ACT Canberra
79%
QLD Cairns
77%
TAS Hobart
77%
WA Perth
76%
SA Port Augusta
76%
WA Port Hedland
76%
SA Port Lincoln
76%
NSW Port Macquarie
76%
SA Port Pirie
76%
NSW Port Stephens
76%
NSW Newcastle
73%
QLD Townsville
73%
VIC Ballarat
71%
QLD Toowoomba
69%
NSW Albury
68%
VIC Bendigo
68%
TAS Launceston
68%
QLD Sunshine Coast
66%
NSW Wollongong
65%
QLD Rockhampton
63%
NSW Broken Hill
61%
WA Broome
58%
VIC Geelong
58%
VIC Mildura
58%
NSW Wagga Wagga
56%
QLD Mount Isa
55%
NSW Orange
55%
NSW Coffs Harbour
53%
NSW Dubbo
53%
QLD Mackay
53%
TAS Devonport
52%
SA Mount Gambier
52%
NSW Tamworth
52%
NSW Bathurst
50%
VIC Shepparton
50%
WA Bunbury
48%
QLD Bundaberg
48%
QLD Gladstone
48%
WA Kalgoorlie
48%
VIC Warrnambool
48%
VIC Wodonga
48%
WA Albany
45%
NT Katherine
45%
NSW Lismore
45%
VIC Moe
45%
NSW Tweed Heads
45%
NSW Ballina
44%
NSW Central Coast
44%
NSW Yass
44%
WA Geraldton
42%
NSW Maitland
42%
VIC Ararat
40%
VIC Echuca
40%
NSW Goulburn
40%
QLD Ipswich
40%
NSW Lithgow
40%
VIC Wangaratta
40%
TAS Burnie
39%
NSW Grafton
39%
VIC Melton
39%
VIC Swan Hill
39%
VIC Traralgon
39%
NSW Armidale
37%
NSW Griffith
37%
SA Whyalla
37%
QLD | VIC Maryborough
35%
VIC Sale
35%
WA Busselton
34%
NSW Queanbeyan
34%
VIC Bairnsdale
32%
NSW Batemans Bay
32%
NSW Cooma
32%
QLD Emerald
32%
WA Esperance
32%
QLD Gympie
32%
QLD Hervey Bay
32%
SA Murray Bridge
32%
NSW Parkes
32%
NSW Taree
32%
VIC Horsham
31%
VIC Morwell
31%
NSW Nowra
31%
QLD Roma
31%
VIC Benalla
29%
WA Karratha
29%
NSW Casino
27%
VIC Colac
27%
NSW Kempsey
27%
NSW Muswellbrook
27%
QLD Airlie Beach
26%
SA Mount Barker
26%
SA Renmark
26%
VIC Stawell
26%
NSW Ulladulla
26%
NT Palmerston
24%
VIC Seymour
24%
NSW Singleton
24%
QLD Warwick
24%
NSW Young
24%
VIC Ballan
23%
NSW Blue Mountains
23%
NSW Cessnock
23%
NSW Forster
23%
VIC Hamilton
23%
NSW Mudgee
23%
QLD Yeppoon
23%
NSW Bega
21%
QLD Dalby
21%
NSW Forbes
21%
NSW Merimbula
21%
QLD Noosa
21%
NSW Scone
21%
SA Victor Harbour
21%
QLD Ayr
19%
QLD Bowen
19%
NSW Gundagai
19%
VIC Lakes Entrance
19%
NSW Moree
19%
TAS Ulverstone
19%
QLD Gatton
18%
VIC Gisborne
18%
NSW Mittagong
18%
NSW Narrabri
18%
VIC Euroa
16%
NSW Gunnedah
16%
QLD Kingaroy
16%
WA Mandurah
16%
NSW Moss Vale
16%
VIC Wallan
16%
QLD Beaudesert
15%
QLD Charters Towers
15%
NSW Glen Innes
15%
QLD Innisfail
15%
NSW Inverell
15%
VIC Kilmore
15%
QLD Stanthorpe
15%
NSW Wellington
15%
NSW Yamba
15%
VIC Yarrawonga
15%
NSW Corowa
13%
NSW Deniliquin
13%
VIC Leongatha
13%
VIC Wonthaggi
13%
VIC Cobram
11%
QLD Goondiwindi
11%
NSW Leeton
11%
NSW Nambucca Heads
11%
NSW Tumut
11%
QLD Atherton
10%
VIC Hastings
10%
SA Kadina
10%
NSW Murwillumbah
10%
NSW Temora
10%
QLD Blackwater
8%
QLD Childers
8%
QLD Ingham
8%
VIC Bass
6%
NSW Bomaderry
6%
QLD Chinchilla
6%
TAS Latrobe
6%
NSW Macksville
6%
QLD Mareeba
6%
SA Naracoorte
6%
QLD Tannum Sands
6%
QLD Cannonvale
5%
QLD Gordonvale
5%
NSW Picton
5%
QLD Calliope
3%
QLD Moranbah
3%
NSW Tahmoor
3%
WA Collie
2%
QLD Edmonton
2%
QLD Plainland
2%
QLD Widgee
2%
QLD Andergrove
0%
NSW Boggabri
0%
VIC Caldermeade
0%
QLD Rural View
0%
No matching quizzes found
Score Distribution
Percent of People with Each Score
Percentile by Number Answered
Your Score History
You have not taken this quiz since the last reset